Методы принятия решений в системах организационного управления: учебное пособие для вузов

Bibliographic Details
Main Author: Постников В. М. Виталий Михайлович
Other Authors: Черненький В. М. Валерий Михайлович
Summary:Рассмотрены основные понятия, методы и подходы, определяющие процесс принятия управленческого решения. Изложены методы принятия решений в условиях определенности и неопределенности, метод анализа иерархий, логико-интуитивные методы, а также коллективные методы принятия решения. Приведены примеры для быстрого усвоения теоретического материала и его дальнейшего использования при выполнении домашних заданий, курсовых и дипломных проектов, а также при решении конкретных задач производственной деятельности. Для студентов вузов, обучающихся по направлению подготовки «Информатика и вычислительная техника» специальности «Автоматизированные системы обработки информации и управления».Различные части книги будут интересны и полезны также студентам экономических специальностей, аспирантам, научным сотрудникам, преподавателям, слушателям второго высшего образования и широкому кругу специалистов, чья деятельность связана с принятием решений.
Language:Russian
Published: Москва, Изд-во МГТУ им. Н. Э. Баумана, 2014
Subjects:
Format: Book
KOHA link:https://koha.lib.tpu.ru/cgi-bin/koha/opac-detail.pl?biblionumber=259282

MARC

LEADER 00000nam0a2200000 4500
001 259282
005 20231101233355.0
010 |a 9785703839461 
035 |a (RuTPU)RU\TPU\book\282206 
090 |a 259282 
100 |a 20140507d2014 m y0rusy50 ca 
101 0 |a rus 
102 |a RU 
105 |a y j 001zy 
200 1 |a Методы принятия решений в системах организационного управления  |e учебное пособие для вузов  |f В. М. Постников, В. М. Черненький 
210 |a Москва  |c Изд-во МГТУ им. Н. Э. Баумана  |d 2014 
215 |a 205 с. 
320 |a Библиогр.: с. 164-163. 
320 |a Основные термины: с. 202-206. 
330 |a Рассмотрены основные понятия, методы и подходы, определяющие процесс принятия управленческого решения. Изложены методы принятия решений в условиях определенности и неопределенности, метод анализа иерархий, логико-интуитивные методы, а также коллективные методы принятия решения. Приведены примеры для быстрого усвоения теоретического материала и его дальнейшего использования при выполнении домашних заданий, курсовых и дипломных проектов, а также при решении конкретных задач производственной деятельности. Для студентов вузов, обучающихся по направлению подготовки «Информатика и вычислительная техника» специальности «Автоматизированные системы обработки информации и управления».Различные части книги будут интересны и полезны также студентам экономических специальностей, аспирантам, научным сотрудникам, преподавателям, слушателям второго высшего образования и широкому кругу специалистов, чья деятельность связана с принятием решений. 
606 1 |a Принятие решений  |x Математическая теория  |2 stltpush  |3 (RuTPU)RU\TPU\subj\51690  |9 70260 
610 1 |a определенность 
610 1 |a неопределенность 
610 1 |a методы 
610 1 |a методика 
610 1 |a иерархическая модель 
610 1 |a иерархия 
610 1 |a анализ 
610 1 |a логико-интуитивные методы 
610 1 |a коллективные методы 
610 1 |a экспертный анализ 
610 1 |a учебные пособия 
675 |a 519.81(075.8)  |v 3 
700 1 |a Постников  |b В. М.  |g Виталий Михайлович 
701 1 |a Черненький  |b В. М.  |g Валерий Михайлович 
801 1 |a RU  |b 63413507  |c 20140507 
801 2 |a RU  |b 63413507  |c 20150703  |g RCR 
942 |c BK 
959 |a 29/20140218  |d 2  |e 0  |f ЧЗТЛ:1  |f АНЛ:1